000
00260nam a2200109 a 4500
008
090930s1981|||| d
100
1
_a
Baumann,H.
245
1
0
_a
Šiel som s Hannibalom
260
_b
Mladé letá
_a
Bratislava
_c
1981
041
_a
slo
044
_a
xo
_c
SK
999
_c
235
_d
235